Manual de organización y atribuciones de los tribunales

Enregistré dans:
Détails bibliographiques
Auteur principal: Galté Carré, Jaime (Auteur)
Format: Livre
Langue:espagnol
Publié: Santiago Jurídica de Chile 1950
Édition:1a. ed
Collection:Manuales Jurídicos, 26
Sujets:
Accès en ligne:portada
Tags: Ajouter un tag
Pas de tags, Soyez le premier à ajouter un tag!

MARC

LEADER 00000cam a2200000 a 4500
001 UCC8946
003 CL-VaPUC
008 190830e19500000cl |||||||||||||||||spa|d
082 0 4 |a 347.01  |b GAL  |2 21 
100 |a Galté Carré, Jaime  |e author  |9 603651 
245 1 0 |a Manual de organización y atribuciones de los tribunales 
250 |a 1a. ed 
300 |a 521 p 
942 |c BK 
945 |d 20190830 10:52:00  |a dcastane 
260 |a Santiago  |b Jurídica de Chile  |c 1950 
650 0 |a Tribunales de justicia   |9 328494 
650 0 |a Derecho procesal civil  |9 258071 
650 0 |a Administración de justicia  |9 382749 
650 0 |a Derecho civil  |9 255013 
856 7 |f UCC8946_01.jpg  |u http://opac.pucv.cl/pucv_img/Img-8500/UCC8946_01.jpg  |q JEPG  |2 file  |z portada 
583 |a last modification  |c 20190830 10:52:00  |k Rodrigo Vera 
490 0 |a Manuales Jurídicos, 26 
999 |c 375141  |d 375139 
952 |0 0  |1 0  |3 erd  |4 0  |6 347_010000000000000_GAL_1950  |7 0  |8 A  |9 494049  |a BIBDER  |b BIBDER  |e Mateluna Arestizabal, Alfredo Sergio  |i 5596653  |o 347.01 GAL 1950  |p 5596653  |r 2023-01-25  |w 2019-11-24  |y BK  |z Catalogado en:20190830  |k DER